000 00939nam a2200265Ia 4500
003 OSt
005 20221005104840.0
006 a|||||r|||| 00| 0
007 ta
008 221004b |||||||| |||| 00| 0 san d
020 _a9788174534705 (hbk)
_c600
024 _a24741
037 _b218/A, 26/12/2015, Vidyanidhi Prakashan
_cTextual
040 _aCRL
_cCRL
_bsan
041 _2san
_asan
082 _aQ132:24:g(R), 152Q5
100 _aबबलू पाल
245 0 _aकेनोपनिषद् का दार्शनिक अनुशीलन
246 _aKenopaniṣhad kā dārshanik anushīlana
260 _aदिल्ली
_bसंजय प्रकाशन भारत
_c2015
300 _a178पृ0
_ccm.
650 _aधर्म
942 _hQ132:24:g(R), 152Q5
_cTEXL
_2cc
999 _c1013975
_d1013975